Zgadnij klub - Statystyki

Ogólne statystyki
  • Ten quiz został rozwiązany 356 razy
  • Średni wynik to 9 z 14
Statystyki odpowiedzi
Hint Odpowiadać % Poprawnych
Hiszpański Fc barcelona
97%
Francuski Psg
94%
Hiszpański Real madryt
93%
Polski legia warszawa
83%
Polski lech poznań
81%
Niemiecki Bayern
75%
Włoski Juventus
72%
Włoski Napoli
51%
Włoski Roma fc
46%
Włoski Milan
44%
Polski Raków częstochowa
40%
Polski Wisła kraków
39%
Niemiecki Borusia
32%
Angielski Chelsy
6%
Nie znaleziono quizów pasujących do podanych kryteriów
Rozkład punktacji
Procent ludzi z każdym wynikiem
Percentyl według liczby udzielonych odpowiedzi
Twoja historia wyników
Nie rozwiązałeś tego quizu